000 00297nam a2200097Ia 4500
082 _a248.32 BOTH
245 0 _aIntercede effectively : a journey through prayer
100 _a Botha, Winston A Wandsbeck, South Africa, 2008
_949206
942 _cBK
008 210817s9999 xx 000 0 und d
999 _c159577
_d159574